|
|
|
|
| LEADER |
00000nam2a2200000 4500 |
| 001 |
219845 |
| 005 |
20231101230305.0 |
| 035 |
|
|
|a (RuTPU)RU\TPU\book\239944
|
| 090 |
|
|
|a 219845
|
| 100 |
|
|
|a 20120724d1982 k y0rusy50 ca
|
| 101 |
0 |
|
|a rus
|
| 102 |
|
|
|a RU
|
| 105 |
|
|
|a a z 101zy
|
| 200 |
0 |
|
|a Т. 1
|
| 210 |
|
|
|d 1982
|
| 215 |
|
|
|a 295 с.
|c ил.
|
| 320 |
|
|
|a Библиография в конце статей
|
| 461 |
|
1 |
|0 (RuTPU)RU\TPU\book\108897
|t IX Всесоюзный симпозиум по стабильным изотопам в геохимии, 16-19 ноября 1982 г., Москва
|f Институт геохимии и аналитической химии
|v Т. 1
|d 1982
|
| 606 |
1 |
|
|a Изотопы
|x Геохимия
|2 stltpush
|3 (RuTPU)RU\TPU\subj\12348
|9 39146
|
| 610 |
1 |
|
|a легкие элементы
|
| 610 |
1 |
|
|a стабильные изотопы
|
| 610 |
1 |
|
|a природное фракционирование
|
| 610 |
1 |
|
|a изучение
|
| 610 |
1 |
|
|a использование
|
| 610 |
1 |
|
|a рудные месторождения
|
| 610 |
1 |
|
|a изотопные методы
|
| 610 |
1 |
|
|a гидрогеология
|
| 610 |
1 |
|
|a генетические критерии
|
| 610 |
1 |
|
|a Арктика
|
| 610 |
1 |
|
|a рассолы
|
| 610 |
1 |
|
|a исследование
|
| 610 |
1 |
|
|a гидротермальные системы
|
| 610 |
1 |
|
|a геодинамические полигоны
|
| 610 |
1 |
|
|a термальные воды
|
| 610 |
1 |
|
|a изотопы углерода
|
| 610 |
1 |
|
|a нефть
|
| 610 |
1 |
|
|a углеводородные газы
|
| 610 |
1 |
|
|a образование
|
| 610 |
1 |
|
|a биологическое фракционирование
|
| 610 |
1 |
|
|a симпозиумы
|
| 610 |
1 |
|
|a условия
|
| 675 |
|
|
|a 550.42:546(063)
|v 3
|
| 801 |
|
1 |
|a RU
|b 63413507
|c 20120724
|
| 801 |
|
2 |
|a RU
|b 63413507
|c 20160311
|g RCR
|
| 942 |
|
|
|c BK
|